ज़मीन पर ज़मीन की तलाश / (Record no. 113330)

MARC details
000 -LEADER
fixed length control field 00996nam a22002537a 4500
005 - DATE AND TIME OF LATEST TRANSACTION
control field 20170124102951.0
010 ## - LIBRARY OF CONGRESS CONTROL NUMBER
LC control number A-633651
020 ## - INTERNATIONAL STANDARD BOOK NUMBER
Terms of availability 80.00
035 ## - SYSTEM CONTROL NUMBER
System control number A-633651
037 ## - SOURCE OF ACQUISITION
Source of stock number/acquisition Cen Lib/Ret
040 ## - CATALOGING SOURCE
Original cataloging agency DPL
Language of cataloging HN
082 ## - DEWEY DECIMAL CLASSIFICATION NUMBER
Classification number 821
Item number तलरे
100 ## - MAIN ENTRY--PERSONAL NAME
Personal name तलरेजा, लीला
9 (RLIN) 51762
245 ## - TITLE STATEMENT
Title ज़मीन पर ज़मीन की तलाश /
Statement of responsibility, etc लीला तलरेजा
246 ## - VARYING FORM OF TITLE
Title proper/short title Zameen par zameen ki talash /
Remainder of title by Leela Talreja
260 ## - PUBLICATION, DISTRIBUTION, ETC. (IMPRINT)
Place of publication, distribution, etc दिल्ली
Name of publisher, distributor, etc हीरा प्रकाशन
Date of publication, distribution, etc 1991
270 ## - ADDRESS
Address 2867, सब्जी मंडी
City दिल्ली
Postal code 110006
300 ## - PHYSICAL DESCRIPTION
Extent 120पृ.
Dimensions 20सेमी(सजिल्द)
650 ## - SUBJECT ADDED ENTRY--TOPICAL TERM
Topical term or geographic name as entry element हिंदी साहित्य
9 (RLIN) 51763
650 ## - SUBJECT ADDED ENTRY--TOPICAL TERM
Topical term or geographic name as entry element हिंदी साहित्य -- कविता
9 (RLIN) 51764
650 ## - SUBJECT ADDED ENTRY--TOPICAL TERM
Topical term or geographic name as entry element Hindi literature
9 (RLIN) 51765
650 ## - SUBJECT ADDED ENTRY--TOPICAL TERM
Topical term or geographic name as entry element Hindi literature -- Poetry
9 (RLIN) 51766
942 ## - ADDED ENTRY ELEMENTS (KOHA)
Source of classification or shelving scheme Dewey Decimal Classification
Koha item type Hindi Books
Classification part 821
Call number suffix तलरे
Holdings
Withdrawn status Lost status Damaged status Not for loan Home library Current library Date acquired Source of acquisition Cost, normal purchase price Total Checkouts Full call number Barcode Date last seen Copy number Cost, replacement price Price effective from Koha item type
        Central Library Central Library 12/08/2015 Cen Lib/Ret 80.00   821 तलरे A-633651 12/08/2015 1 80.00 12/08/2015 Hindi Books

© Delhi Public Library
Hit Counter
free hit counter